header

Stem cells in craniofacial development and regeneration (Record no. 67822)

MARC details
000 -LEADER
fixed length control field 01556nam a2200361 a 4500
082 04 - DEWEY DECIMAL CLASSIFICATION NUMBER
Classification number 571.8/89
245 00 - TITLE STATEMENT
Title Stem cells in craniofacial development and regeneration
260 ## - PUBLICATION, DISTRIBUTION, ETC. (IMPRINT)
Place of publication Hoboken, N.J. :
Name of publisher Wiley-Blackwell,
Year of publication c2013.
300 ## - PHYSICAL DESCRIPTION
Number of Pages xvi, 561 p. :
Other physical details ill. (some col.)
505 0# - FORMATTED CONTENTS NOTE
Formatted contents note pt. 1. Development and regeneration of craniofacial tissues and organs -- pt. 2. Stem cells and their niches in craniofacial tissues -- pt. 3. Stem cell-mediated craniofacial tissue bioengineering.
650 #0 - SUBJECT ADDED ENTRY--TOPICAL TERM
Topical Term Regeneration (Biology)
Topical Term Bone regeneration.
Topical Term Guided bone regeneration.
Topical Term Stem cells.
700 1# - ADDED ENTRY--PERSONAL NAME
Personal name Huang, George T.-J.
Personal name Thesleff, Irma.
856 40 - ELECTRONIC LOCATION AND ACCESS
Uniform Resource Identifier http://site.ebrary.com/lib/rucke/Doc?id=10660581

No items available.

© 2026 Rongo University
Contact us: librarian | system librarian | Rongo university